00748nam a2200217 i 4500001000700000003000900007005001700016007000300033008004100036080001500077100003100092245006200123250001300185260006000198300004300258504002800301600003700329852002200366999001900388952012300407175904ES-MaACL20230906215937.0t|101130s1928 fr ||||1| fre d a821.111-311 aCharpentier, John.914411410aColeridge b: le somnambule sublime / cJohn Charpentier. a3e éd. aParis : bLibrairie académique Perrin et Cie, c1928. a239 p. , [2] h. : b1 retr. ; c19 cm. aBibliografía: p. 287.04aColeridge, Samuel Taylor.939581 aES-MaACLjE-13722 c175904d175904 00104070aATENEOMbATENEOMcDEPO2d2010-11-30eDONl0oE-13722p1184720r2023-02-23 00:00:00w2023-02-23yMONOGRAFIA